Welcome to the Holygrace Academy Library

Please use search bar below to get started

SPLIT ENDS (Record no. 6532)

MARC details
000 -LEADER
fixed length control field 00570nam a22001337a 4500
020 ## - INTERNATIONAL STANDARD BOOK NUMBER
ISBN 0-434-80174-6
082 ## - DEWEY DECIMAL CLASSIFICATION NUMBER
Classification number 823
Item number WAS/S
100 ## - MAIN ENTRY--AUTHOR NAME
Personal name WASSERMAN, ROBIN
245 ## - TITLE STATEMENT
Title SPLIT ENDS
Remainder of title UNFABULOUS
260 ## - PUBLICATION, DISTRIBUTION, ETC. (IMPRINT)
Place of publication NEW YORK
Name of publisher SCHOLASTIC INC
Year of publication 2005
300 ## - PHYSICAL DESCRIPTION
Number of Pages 104
520 ## - SUMMARY, ETC.
Summary, etc A feisty hairdresser faces off with an unscrupulous developer - and faces up to the uncertainties of her own life in a small, New Jersey town. A feisty hairdresser faces off with an unscrupulous developer - and faces up to the uncertainties of her own life in a small, New Jersey town.
942 ## - ADDED ENTRY ELEMENTS (KOHA)
Koha item type Books
Holdings
Withdrawn status Lost status Collection code Home library Current library Shelving location Date acquired Source of acquisition Cost, normal purchase price Full call number Accession Number Koha item type
    Fiction Main Library Main Library SHELF 15-L-CHILDREN'S STORYBOOKS 01/02/2019 Purchase 30.00 823 WAS/S 10974 Books